00179nam a2200073Ia 4500008004100000082000800041100001400049245004200063240331s9999 xx 000 0 und d bSAM aSamuel, K 0aWomen's rights watch year report 1999